Computers in third world schools : african advances (Record no. 64597)

MARC details
000 -CABECERA
campo de control de longitud fija 00634nam a2200217 a 4500
005 - FECHA Y HORA DE LA ÚLTIMA TRANSACCIÓN
campo de control 20210219152942.0
008 - ELEMENTOS DE LONGITUD FIJA--INFORMACIÓN GENERAL
campo de control de longitud fija 991125n 000 0 u
035 ## - NÚMERO DE CONTROL DEL SISTEMA
Número de control de sistema UPN01000068475
100 ## - ASIENTO PRINCIPAL--NOMBRE PERSONAL
Nombre de persona Hawkridge, David
222 #0 - TÍTULO CLAVE
Título clave EDUCATIONAL AND TRAINING TECHNOLOGY INTERNATIONAL
245 #0 - MENCIÓN DE TÍTULO
Título Computers in third world schools : african advances
300 ## - DESCRIPCIÓN FÍSICA
Extensión 55-70
362 ## - FECHAS DE PUBLICACIÓN Y/O DESIGNACIÓN SECUENCIAL
Fecha de publicación y/o designación secuencial 28, No. 1, 1991
505 ## - NOTA DE CONTENIDO CON FORMATO PREESTABLECIDO
Nota de contenido con formato Julio 1991
653 0# - TERMINO DE INDIZACION - NO CONTROLADO
Término no controlado ACTUALIZACION DOCENTE
653 0# - TERMINO DE INDIZACION - NO CONTROLADO
Término no controlado DISEÑO ASISTIDO POR ORDENADOR
653 0# - TERMINO DE INDIZACION - NO CONTROLADO
Término no controlado PAISES DESARROLLADOS
653 0# - TERMINO DE INDIZACION - NO CONTROLADO
Término no controlado PROGRAMAS DE LA COMPUTADORA
904 ## - ELEMENTOS DE DATOS D LOCAL, LDD (RLIN)
a AC
b 006286
905 ## - TIPO DE MATERIAL
Tipo de material Articulo

No items available.